Odgadnij po zdjęciu co to za miasto - Statystyki

Ogólne statystyki
  • Ten quiz został rozwiązany 31 razy
  • Średni wynik to 6 z 10
Statystyki odpowiedzi
Obrazkowy Odpowiedź % Poprawnych
Nowy Jork
100%
Warszawa
97%
Tokio
93%
Gdańsk
90%
Dubaj
86%
Wrocław
76%
Kijów
48%
Szanghaj
38%
Ustka
3%
Mexico City
0%
Nie znaleziono quizów pasujących do podanych kryteriów
Rozkład punktacji
Procent ludzi z każdym wynikiem
Percentyl według liczby udzielonych odpowiedzi
Twoja historia wyników
Nie rozwiązałeś tego quizu